Villes de l'Allier en images - Statistiques

Statistiques générales
  • Ce quiz a été pris 79 fois
  • Le résultat moyen est 6 sur 18
Statistiques - réponses
Par images Hint Réponse % Correct
V Vichy
99%
M Moulins
93%
M Montluçon
90%
S Saint-Pourçain-sur-Sioule
64%
B Bourbon-l'Archambault
36%
G Gannat
34%
H Hérisson
31%
L Lapalisse
31%
S Souvigny
31%
C Charroux
30%
C Commentry
22%
H Huriel
18%
É Ébreuil
13%
M Montmarault
10%
C Cosne-d'Allier
9%
S Saint-Pourçain-sur-Besbre
9%
A Ainay-le-Château
4%
C Châtel-Montagne
1%
Aucun quiz correspondant
Distribution des résultats
% des personnes avec chaque résultat
Percentile par nombre de réponses
Votre historique - résultats
Vous n’avez pas pris ce quiz